000
00227nam a2200097Ia 4500
008
190216s9999||||xx |||||||||||||| ||und||
100
_a
Uriak Syuthil
245
0
_a
Lenin Samarajeevithathile Edukal
260
_b
Null
942
_c
BK
999
_c
19333
_d
19333